Normal view
MARC view
- Shulevitz, Uri,
Entry Nombre Personal
001 - NUMERO DE CONTROL
- campo de control: 36492
003 - IDENTIFICADOR DE NUMERO DE CONTROL
- campo de control: UPN
005 - FECHA Y HORA DE LA ÜLTIMA TRANSACCIÓN
- campo de control: 20210219194515.0
008 - DATOS DE LONGITUD FIJA
- campo de control de longitud fija: nabaccnnaabn|||||||||| b |nc|||||d
035 ## - NUMERO DE CONTROL
- Número de control: UPN11000008599
040 ## - FUENTE DE CATALOGACIÓN
- Lenguaje de catalogación: SPA
- Agencia de transcripción: UPN
100 1# - ENCABEZAMIENTO - NOMBRE PERSONAL
- Nombre personal: Shulevitz, Uri,
- Fechas asociadas con el nombre: 1935-
670 ## - FUENTE EN LA QUE SE LOCALIZARON DATOS
- Cita de la fuente: LC
680 ## - NOTA PUBLICA DE ACCESO PÚBLICO
- Encabezamiento o subdivisión: Nació en Varsovia, Polonia; llegó a Estados Unidos, 1959; se naturalizó ciudadano estadounidense en 1960. Autor e ilustrador de libros infantiles.
902 ## - CATALOGADOR
- Catalogador: MITM/120215
